| 000 | 00464nam a22001817a 4500 | ||
|---|---|---|---|
| 003 | CEME | ||
| 005 | 20210628205953.0 | ||
| 008 | 210209b xxu||||| |||| 00| 0 eng d | ||
| 020 | _a0-8016-5071-2 | ||
| 040 | _c. | ||
| 082 | _a540 PEC | ||
| 100 |
_aPeck, Larry Kolar, Frank _977713 |
||
| 245 | _aChemistry the molecular science student solutions manual | ||
| 260 |
_aST.LOUIS _bMOSBY _c1994 |
||
| 300 | _a201P | ||
| 650 |
_aCHEMISTRY _99682 |
||
| 942 |
_cBK _2ddc |
||
| 999 |
_c582931 _d582931 |
||